| 000 | 00926cam a2200277u 4500 | ||
|---|---|---|---|
| 999 |
_c174637 _d174637 |
||
| 001 | 7720732 | ||
| 003 | Nust | ||
| 005 | 20170204174034.0 | ||
| 008 | 830419s1899 mau 000 0 eng | ||
| 010 | _a 99002779 | ||
| 020 | _a978-0737703580 | ||
| 020 | _a073770358X | ||
| 040 |
_aDLC _cDLC |
||
| 050 | 0 | 0 |
_aPZ3.E43 _bSi23 _aPR4670 |
| 082 |
_a823 _bELI |
||
| 100 | 1 |
_aEliot, George, _d1819-1880. |
|
| 245 | 1 | 0 |
_aSilas Marner, _bthe Lifted Veil Brother jacob Poems, |
| 260 |
_aNew Delhi, _bRupa _c2000 |
||
| 300 |
_a287 p. _c18 cm. |
||
| 650 | 0 |
_aFathers and daughters _vFiction. |
|
| 650 | 0 |
_aAdopted children _vFiction. |
|
| 650 | 0 |
_aFoundlings _vFiction. |
|
| 650 | 0 |
_aWeavers _vFiction. |
|
| 651 | 0 |
_aEngland _vFiction. |
|
| 655 | 7 |
_aDomestic fiction. _2lcsh |
|
| 700 | 1 |
_aDavidson, Hannah Amelia (Noyes), _d1852-1932. |
|
| 906 |
_a0 _bcbc _cpremunv _du _encip _f18 _gy-gencatlg |
||
| 942 |
_2ddc _cBK |
||